Clubs de Football voulant créer la Superligue Européenne - Statistiques

Statistiques générales
  • Ce quiz a été pris 268 fois
  • Le résultat moyen est 10 sur 12
Statistiques - réponses
Clubs % Correct
Real Madrid
97%
FC Barcelone
95%
Manchester City
93%
Manchester United
91%
AC Milan
85%
Chelsea
81%
Inter Milan
81%
Liverpool
80%
Arsenal
79%
Atletico Madrid
73%
Tottenham
69%
Juventus Turin
49%
Aucun quiz correspondant
Distribution des résultats
% des personnes avec chaque résultat
Percentile par nombre de réponses
Votre historique - résultats
Vous n’avez pas pris ce quiz